Teoría de los géneros periodísticos
Enregistré dans:
| Auteur principal: | |
|---|---|
| Format: | Livre |
| Langue: | espagnol |
| Publié: |
Barcelona
UOC Press
2008
|
| Édition: | 1a. ed |
| Collection: | Comunicación, 1
|
| Sujets: | |
| Tags: |
Ajouter un tag
Pas de tags, Soyez le premier à ajouter un tag!
|
MARC
| LEADER | 00000cam a2200000 a 4500 | ||
|---|---|---|---|
| 001 | UCI9719 | ||
| 003 | CL-VaPUC | ||
| 008 | 081204e20080000SP |||||||||||||||||spa|d | ||
| 020 | |a 8497887014 | ||
| 082 | 0 | 4 | |a 070.4 |b GOM |2 21 |
| 100 | |a Gomis, Lorenzo |e author |9 533630 | ||
| 245 | 1 | 0 | |a Teoría de los géneros periodísticos |
| 250 | |a 1a. ed | ||
| 300 | |a 218 p | ||
| 942 | |c BK | ||
| 945 | |d 20081204 00:00:00 |a rbrito | ||
| 260 | |a Barcelona |b UOC Press |c 2008 | ||
| 650 | 0 | |a Periodismo |9 310113 | |
| 650 | 0 | |a Medios de comunicación de masas |9 257273 | |
| 650 | 7 | |a PERIODISTA |2 CL-VaPUC |9 332240 | |
| 650 | 7 | |a COMUNICACION DE MASAS |2 CL-VaPUC |9 334823 | |
| 650 | 7 | |a NOTICIA PERIODISTICA |2 CL-VaPUC |9 406378 | |
| 583 | |a last modification |c 20140319 04:24:15 |k Rodrigo Vera | ||
| 490 | 0 | |a Comunicación, 1 | |
| 999 | |c 332201 |d 332199 | ||
| 952 | |0 0 |1 0 |4 0 |6 070_400000000000000_GOM_2008 |7 0 |8 A |9 419681 |a BIBCUR |b BIBCUR |d 2019-11-22 |i 4502833 |l 2 |m 3 |o 070.4 GOM 2008 |p 4502833 |r 2025-04-22 |s 2022-09-20 |w 2019-11-22 |y BK |k PER | ||
| 952 | |0 0 |1 0 |3 erb |4 0 |6 070_400000000000000_GOM_2008 |7 0 |8 A |9 419682 |a BIBCUR |b BIBCUR |i 506287K |o 070.4 GOM 2008 |p 506287K |r 2025-04-22 |w 2019-11-22 |y BK |z Catalogado en:20140324 |k PER | ||